| 000 | 00801nam a2200253 a 4500 | ||
|---|---|---|---|
| 001 | 50055 | ||
| 003 | BD-RjUL | ||
| 005 | 20211209075441.0 | ||
| 008 | 160823s1966 o ||||| |||| 001 0 eng d | ||
| 035 | _a(BD-RjUL)50175 | ||
| 040 |
_aBD-RjUL _beng _cBD-RjUL |
||
| 041 | _aeng | ||
| 082 |
_223 _a371.102 _bRAV 1966 |
||
| 100 | 1 |
_aRaths, Louis Edward _9150032 |
|
| 245 | 1 | 0 |
_aValues and teaching : _bworking with values in the classroom / _cLouis Edward Raths; Merrill Harmin; Sidney B Simon |
| 260 |
_aColumbus : _bC.E. Merrill Books, _c1966 |
||
| 300 |
_aix, 275 p. ; _c22 cm. |
||
| 500 | _aInclude index | ||
| 650 |
_aTeaching. _9150033 |
||
| 650 |
_aValues. _9132679 |
||
| 700 |
_aHarmin, Merrill, Joint author _9150034 |
||
| 700 |
_aSimon, Sidney B, Joint author _9150035 |
||
| 942 |
_2ddc _cBK |
||
| 999 |
_c50055 _d50055 |
||